000
00496nam a2200181Ia 4500
008
100917s9999 xx 000 0 und d
082
_b
3745
100
_a
भावे पुरूषोत्तम भास्कर
245
_a
वाकुल्या
260
_b
---
_c
1951
300
_a
171
365
_b
3.5
520
_a
कादंबरी
630
_a
वाकुल्या
650
_a
कादंबरी
730
_a
वाकुल्या
942
_c
BOOK
999
_c
609139
_d
609136